000 01151cam a2200301 i 4500
001 18957641
003 ARRUPE
005 20220421091001.0
008 160201s2016 nyu b 001 0 eng
010 _a 2016003367
020 _a9781626982031 (pbk.)
040 _aDLC
_beng
_cDLC
_erda
_dDLC
042 _apcc
043 _af------
050 0 0 _aBX1746
_b.C5153 2016
082 0 0 _a282/.6
_223
245 0 4 _aThe church we want :
_bAfrican Catholics look to Vatican III /
_ceditor Agbonkhianmeghe E. Orobator.
260 _aNairobi
_bAction Publishers
_c2016
300 _axxxi, 272 pages ;
_c24 cm
504 _aIncludes bibliographical references and index.
610 2 0 _aCatholic Church
_zAfrica
_vCongresses.
_951362
650 0 _aChurch renewal
_xCatholic Church
_vCongresses.
_951363
700 1 _aOrobator, A. E.,
_eeditor.
_98164
776 0 8 _iOnline version:
_tChurch we want
_dMaryknoll : Orbis Books, 2016
_z9781608336685
_w(DLC) 2016012879
906 _a7
_bcbc
_corignew
_d1
_eecip
_f20
_gy-gencatlg
942 _2lcc
_cMONOGRAPH
999 _c131317
_d131317